[Event "DEM U10 2022"]
[Site "Willingen GER"]
[Date "2022.06.06"]
[Round "3"]
[White "Li, Yunqi"]
[Black "Thoms, Eric"]
[Result "0-1"]
[Termination "normal"]
[Board "11"]
[WhiteElo "1312"]
[BlackElo "1219"]
[WhiteClock "00:31:40"]
[BlackClock "00:51:05"]
[PlyCount "50"]
[WhiteFideId "34610618"]
[BlackFideId "34623450"]
[EventCountry "GER"]
[EventRounds "11"]
[EventType "swiss"]
[EventDate "2022.06.04"]

1. e4 {[%clk 01:15:58]} e5 {[%clk 01:15:53]} {[%emt 00:00:07]} 2. Nf3 {[%clk
01:16:24]} {[%emt 00:00:04]} Nc6 {[%clk 01:16:16]} {[%emt 00:00:07]} 3. Bc4
{[%clk 01:16:44]} {[%emt 00:00:10]} Nf6 {[%clk 01:16:37]} {[%emt 00:00:08]} 4.
d3 {[%clk 01:17:07]} {[%emt 00:00:07]} Bc5 {[%clk 01:16:58]} {[%emt 00:00:10]}
5. c3 {[%clk 01:17:16]} {[%emt 00:00:21]} d6 {[%clk 01:16:59]} {[%emt
00:00:29]} 6. h3 {[%clk 01:17:29]} {[%emt 00:00:17]} Be6 {[%clk 01:16:31]}
{[%emt 00:00:57]} 7. Bb5 {[%clk 01:17:38]} {[%emt 00:00:22]} Bd7 {[%clk
01:16:26]} {[%emt 00:00:35]} 8. Ba4 {[%clk 01:17:34]} {[%emt 00:00:36]} O-O
{[%clk 01:16:38]} {[%emt 00:00:18]} 9. Nbd2 {[%clk 01:17:57]} {[%emt 00:00:07]}
Ne7 {[%clk 01:12:43]} {[%emt 00:04:25]} 10. Bc2 {[%clk 01:18:18]} {[%emt
00:00:09]} Ng6 {[%clk 01:12:44]} {[%emt 00:00:29]} 11. Nf1 {[%clk 01:17:45]}
{[%emt 00:01:03]} c6 {[%clk 01:11:47]} {[%emt 00:01:27]} 12. Ng3 {[%clk
01:15:48]} {[%emt 00:02:27]} h6 {[%clk 01:09:07]} {[%emt 00:03:09]} 13. O-O
{[%clk 01:15:59]} {[%emt 00:00:20]} Re8 {[%clk 01:08:37]} {[%emt 00:01:00]} 14.
Re1 {[%clk 01:11:30]} {[%emt 00:04:59]} Bb6 {[%clk 01:06:39]} {[%emt 00:02:29]}
15. d4 {[%clk 01:06:46]} {[%emt 00:05:14]} Qc7 {[%clk 01:05:49]} {[%emt
00:01:19]} 16. a4 {[%clk 00:58:29]} {[%emt 00:08:48]} a6 {[%clk 01:05:51]}
{[%emt 00:00:28]} 17. b3 {[%clk 00:56:46]} {[%emt 00:02:14]} Rad8 {[%clk
01:01:53]} {[%emt 00:04:27]} 18. Ba3 {[%clk 00:42:30]} {[%emt 00:14:46]} Be6
{[%clk 00:58:45]} {[%emt 00:03:37]} 19. Qe2 {[%clk 00:40:14]} {[%emt 00:02:47]}
Nf4 {[%clk 00:58:24]} {[%emt 00:00:51]} 20. Qf1 {[%clk 00:38:12]} {[%emt
00:02:31]} Ba7 {[%clk 00:53:00]} {[%emt 00:05:55]} 21. Bxd6 {[%clk 00:33:33]}
{[%emt 00:05:10]} Qxd6 {[%clk 00:50:31]} {[%emt 00:02:58]} 22. dxe5 {[%clk
00:33:19]} {[%emt 00:00:44]} Qc7 {[%clk 00:50:37]} {[%emt 00:00:20]} 23. exf6
{[%clk 00:31:46]} {[%emt 00:02:07]} Nxh3+ {[%clk 00:50:39]} {[%emt 00:00:28]}
24. gxh3 {[%clk 00:31:23]} {[%emt 00:00:53]} Qxg3+ {[%clk 00:50:53]} {[%emt
00:00:14]} 25. Qg2 {[%clk 00:31:40]} {[%emt 00:00:15]} Bxf2+ {[%clk 00:51:05]}
{[%emt 00:00:18]} 0-1

[Event "DEM U10 2022"]
[Site "Willingen GER"]
[Date "2022.06.06"]
[Round "3"]
[White "Andersen, Jonathan"]
[Black "Hellriegel, Hannes"]
[Result "1-0"]
[Termination "normal"]
[Board "24"]
[WhiteElo "986"]
[BlackElo "1335"]
[WhiteClock "01:18:32"]
[BlackClock "00:36:32"]
[PlyCount "57"]
[WhiteFideId "34623884"]
[BlackFideId "34623701"]
[EventCountry "GER"]
[EventRounds "11"]
[EventType "swiss"]
[EventDate "2022.06.04"]

1. e4 {[%clk 01:15:59]} e5 {[%clk 01:15:54]} {[%emt 00:00:06]} 2. Nf3 {[%clk
01:16:24]} {[%emt 00:00:06]} Nc6 {[%clk 01:16:16]} {[%emt 00:00:09]} 3. d4
{[%clk 01:16:48]} {[%emt 00:00:05]} exd4 {[%clk 01:16:26]} {[%emt 00:00:19]} 4.
Nxd4 {[%clk 01:17:13]} {[%emt 00:00:06]} Nxd4 {[%clk 01:16:46]} {[%emt
00:00:10]} 5. Qxd4 {[%clk 01:17:35]} {[%emt 00:00:08]} Be7 {[%clk 01:14:12]}
{[%emt 00:03:03]} 6. Bc4 {[%clk 01:17:53]} {[%emt 00:00:13]} Bf8 {[%clk
01:06:00]} {[%emt 00:08:41]} 7. O-O {[%clk 01:17:51]} {[%emt 00:00:31]} c5
{[%clk 01:02:48]} {[%emt 00:03:42]} 8. Qd3 {[%clk 01:17:01]} {[%emt 00:01:20]}
Qf6 {[%clk 01:00:37]} {[%emt 00:02:41]} 9. Nc3 {[%clk 01:17:03]} {[%emt
00:00:30]} Ne7 {[%clk 01:00:06]} {[%emt 00:00:56]} 10. Nb5 {[%clk 01:16:55]}
{[%emt 00:00:42]} Kd8 {[%clk 00:49:54]} {[%emt 00:10:41]} 11. Nd6 {[%clk
01:15:46]} {[%emt 00:01:41]} Kc7 {[%clk 00:43:01]} {[%emt 00:07:22]} 12. Nxf7
{[%clk 01:15:43]} {[%emt 00:00:23]} Rg8 {[%clk 00:42:50]} {[%emt 00:00:49]} 13.
e5 {[%clk 01:15:09]} {[%emt 00:01:06]} Qg6 {[%clk 00:38:41]} {[%emt 00:04:38]}
14. Qd6+ {[%clk 01:15:17]} {[%emt 00:00:24]} Qxd6 {[%clk 00:38:49]} {[%emt
00:00:21]} 15. exd6+ {[%clk 01:15:43]} {[%emt 00:00:04]} Kb8 {[%clk 00:38:45]}
{[%emt 00:00:33]} 16. dxe7 {[%clk 01:16:02]} {[%emt 00:00:12]} a6 {[%clk
00:37:53]} {[%emt 00:01:22]} 17. e8=Q {[%clk 01:15:51]} {[%emt 00:00:12]} Ka7
{[%clk 00:37:32]} {[%emt 00:01:20]} 18. Nd6 {[%clk 01:16:01]} {[%emt 00:00:19]}
b5 {[%clk 00:36:57]} {[%emt 00:01:07]} 19. Bxg8 {[%clk 01:16:17]} {[%emt
00:00:14]} Bb7 {[%clk 00:36:55]} {[%emt 00:00:32]} 20. Qxd7 {[%clk 01:16:31]}
{[%emt 00:00:17]} Rb8 {[%clk 00:37:00]} {[%emt 00:00:24]} 21. Bd5 {[%clk
01:16:33]} {[%emt 00:00:28]} Bxd6 {[%clk 00:37:10]} {[%emt 00:00:20]} 22. Bxb7
{[%clk 01:16:46]} {[%emt 00:00:18]} Bxh2+ {[%clk 00:37:03]} {[%emt 00:00:37]}
23. Kxh2 {[%clk 01:17:07]} {[%emt 00:00:08]} Rxb7 {[%clk 00:37:25]} {[%emt
00:00:08]} 24. Qc6 {[%clk 01:17:28]} {[%emt 00:00:10]} h5 {[%clk 00:37:06]}
{[%emt 00:00:48]} 25. Be3 {[%clk 01:17:40]} {[%emt 00:00:19]} g5 {[%clk
00:36:58]} {[%emt 00:00:37]} 26. Bxc5+ {[%clk 01:18:02]} {[%emt 00:00:08]} Kb8
{[%clk 00:37:02]} {[%emt 00:00:25]} 27. Rfe1 {[%clk 01:18:22]} {[%emt
00:00:11]} Re7 {[%clk 00:36:13]} {[%emt 00:01:19]} 28. Rxe7 {[%clk 01:18:32]}
{[%emt 00:00:19]} h4 {[%clk 00:36:32]} {[%emt 00:00:12]} 29. Qb7# {[%emt
00:00:06]} 1-0

[Event "DEM U10 2022"]
[Site "Willingen GER"]
[Date "2022.06.06"]
[Round "3"]
[White "Yao, Haiyang"]
[Black "Wetzig, Karl Anton"]
[Result "1-0"]
[Termination "normal"]
[Board "28"]
[WhiteElo "1098"]
[BlackElo "884"]
[PlyCount "49"]
[WhiteFideId "34623418"]
[BlackFideId "34623442"]
[EventCountry "GER"]
[EventRounds "11"]
[EventType "swiss"]
[EventDate "2022.06.04"]

1. e4 e5 2. Bc4 Nc6 3. Nf3 Bc5 4. Nc3 Nf6 5. h3 d6 6. d3 O-O 7. Bg5 Be6 8. Bb3
h6 9. Bh4 g5 10. Bg3 Qe7 11. Qd2 Nh5 12. h4 f6 13. hxg5 Nxg3 14. fxg3 hxg5 15.
O-O-O Qg7 16. Bxe6+ Rf7 17. Bxf7+ Kxf7 18. Rh2 Rh8 19. Rxh8 Qxh8 20. Rf1 g4 21.
Ng5+ Kg6 22. Ne6 Bb6 23. Nd5 Ba5 24. Qf2 Qc8 25. Qxf6+ 1-0

[Event "DEM U10 2022"]
[Site "Willingen GER"]
[Date "2022.06.06"]
[Round "4"]
[White "Hepp, Daniel"]
[Black "Moskalenko, Michael"]
[Result "1-0"]
[Termination "normal"]
[Board "11"]
[WhiteElo "1468"]
[BlackElo "1266"]
[WhiteClock "00:41:59"]
[BlackClock "00:11:22"]
[PlyCount "61"]
[WhiteFideId "34608567"]
[BlackFideId "34608877"]
[EventCountry "GER"]
[EventRounds "11"]
[EventType "swiss"]
[EventDate "2022.06.04"]

1. d4 {[%clk 01:15:59]} d5 {[%clk 01:15:56]} {[%emt 00:00:04]} 2. e3 {[%clk
01:16:10]} {[%emt 00:00:19]} e6 {[%clk 01:16:03]} {[%emt 00:00:23]} 3. Bd3
{[%clk 01:16:12]} {[%emt 00:00:28]} c5 {[%clk 01:16:08]} {[%emt 00:00:24]} 4.
c3 {[%clk 01:16:24]} {[%emt 00:00:19]} Nc6 {[%clk 01:15:52]} {[%emt 00:00:45]}
5. Nd2 {[%clk 01:16:17]} {[%emt 00:00:37]} Nf6 {[%clk 01:16:06]} {[%emt
00:00:16]} 6. f4 {[%clk 01:16:18]} {[%emt 00:00:29]} Be7 {[%clk 01:15:54]}
{[%emt 00:00:41]} 7. Ngf3 {[%clk 01:16:13]} {[%emt 00:00:36]} b6 {[%clk
01:12:32]} {[%emt 00:03:52]} 8. O-O {[%clk 01:15:38]} {[%emt 00:01:06]} Bb7
{[%clk 01:11:36]} {[%emt 00:01:26]} 9. Ne5 {[%clk 01:14:47]} {[%emt 00:01:21]}
c4 {[%clk 01:10:15]} {[%emt 00:01:50]} 10. Bc2 {[%clk 01:14:48]} {[%emt
00:00:29]} Qc7 {[%clk 01:09:18]} {[%emt 00:01:27]} 11. Qe2 {[%clk 01:14:24]}
{[%emt 00:00:55]} h5 {[%clk 01:02:27]} {[%emt 00:07:20]} 12. e4 {[%clk
01:11:22]} {[%emt 00:03:34]} dxe4 {[%clk 00:59:30]} {[%emt 00:01:23]} 13. Nxe4
{[%clk 01:11:29]} {[%emt 00:02:26]} Nxe5 {[%clk 00:51:47]} {[%emt 00:08:13]}
14. fxe5 {[%clk 01:11:45]} {[%emt 00:00:14]} Nd5 {[%clk 00:45:37]} {[%emt
00:06:40]} 15. Ba4+ {[%clk 01:09:06]} {[%emt 00:03:10]} Bc6 {[%clk 00:44:45]}
{[%emt 00:01:22]} 16. Qxc4 {[%clk 01:08:59]} {[%emt 00:00:38]} Rc8 {[%clk
00:43:43]} {[%emt 00:01:31]} 17. Bg5 {[%clk 01:01:46]} {[%emt 00:07:43]} Bf8
{[%clk 00:42:57]} {[%emt 00:01:15]} 18. Rf3 {[%clk 00:57:33]} {[%emt 00:04:43]}
Qd7 {[%clk 00:36:16]} {[%emt 00:07:12]} 19. Bxc6 {[%clk 00:57:26]} {[%emt
00:00:37]} Qxc6 {[%clk 00:35:12]} {[%emt 00:01:33]} 20. Qxc6+ {[%clk 00:57:21]}
{[%emt 00:00:36]} Rxc6 {[%clk 00:33:34]} {[%emt 00:02:08]} 21. Raf1 {[%clk
00:55:35]} {[%emt 00:02:15]} Rc7 {[%clk 00:32:28]} {[%emt 00:01:36]} 22. a3
{[%clk 00:47:49]} {[%emt 00:08:16]} b5 {[%clk 00:30:08]} {[%emt 00:02:50]} 23.
Nd2 {[%clk 00:45:08]} {[%emt 00:03:10]} Be7 {[%clk 00:23:27]} {[%emt 00:07:12]}
24. Bxe7 {[%clk 00:45:14]} {[%emt 00:00:25]} Rxe7 {[%clk 00:23:48]} {[%emt
00:00:09]} 25. Ne4 {[%clk 00:44:15]} {[%emt 00:01:29]} a6 {[%clk 00:17:13]}
{[%emt 00:07:05]} 26. Nd6+ {[%clk 00:44:26]} {[%emt 00:00:19]} Kd7 {[%clk
00:16:03]} {[%emt 00:01:38]} 27. Rxf7 {[%clk 00:44:10]} {[%emt 00:00:48]} Rg8
{[%clk 00:12:52]} {[%emt 00:03:39]} 28. Rxe7+ {[%clk 00:43:21]} {[%emt
00:01:20]} Kxe7 {[%clk 00:12:04]} {[%emt 00:01:18]} 29. Rf7+ {[%clk 00:43:12]}
{[%emt 00:00:38]} Kd8 {[%clk 00:12:28]} {[%emt 00:00:06]} 30. Kf2 {[%clk
00:42:59]} {[%emt 00:00:44]} Ne7 {[%clk 00:11:22]} {[%emt 00:01:36]} 31. Ke3
{[%clk 00:41:59]} {[%emt 00:01:31]} 1-0

[Event "DEM U10 2022"]
[Site "Willingen GER"]
[Date "2022.06.06"]
[Round "4"]
[White "Thoms, Eric"]
[Black "Vu, Khoi Nguyen"]
[Result "1-0"]
[Termination "normal"]
[Board "14"]
[WhiteElo "1219"]
[BlackElo "1627"]
[WhiteClock "01:03:09"]
[BlackClock "00:51:23"]
[PlyCount "55"]
[WhiteFideId "34623450"]
[BlackFideId "34605088"]
[EventCountry "GER"]
[EventRounds "11"]
[EventType "swiss"]
[EventDate "2022.06.04"]

1. e4 {[%clk 01:15:56]} {[%emt 00:00:02]} e5 {[%clk 01:15:56]} {[%emt
00:00:05]} 2. Nf3 {[%clk 01:16:18]} {[%emt 00:00:08]} Nc6 {[%clk 01:16:22]}
{[%emt 00:00:04]} 3. Bc4 {[%clk 01:16:34]} {[%emt 00:00:14]} Bc5 {[%clk
01:16:46]} {[%emt 00:00:06]} 4. c3 {[%clk 01:16:52]} {[%emt 00:00:12]} Nf6
{[%clk 01:16:59]} {[%emt 00:00:17]} 5. d4 {[%clk 01:17:07]} {[%emt 00:00:15]}
exd4 {[%clk 01:17:22]} {[%emt 00:00:08]} 6. O-O {[%clk 01:17:25]} {[%emt
00:00:12]} d5 {[%clk 01:15:50]} {[%emt 00:02:03]} 7. exd5 {[%clk 01:17:38]}
{[%emt 00:00:17]} Nxd5 {[%clk 01:16:11]} {[%emt 00:00:08]} 8. Qb3 {[%clk
01:17:58]} {[%emt 00:00:11]} Be6 {[%clk 01:04:23]} {[%emt 00:12:17]} 9. Qxb7
{[%clk 01:18:15]} {[%emt 00:00:12]} Nde7 {[%clk 01:04:42]} {[%emt 00:00:12]}
10. Bxe6 {[%clk 01:18:06]} {[%emt 00:00:39]} fxe6 {[%clk 01:04:50]} {[%emt
00:00:22]} 11. Bg5 {[%clk 01:17:02]} {[%emt 00:01:34]} Rb8 {[%clk 01:03:12]}
{[%emt 00:02:08]} 12. Qxc6+ {[%clk 01:17:10]} {[%emt 00:00:21]} Nxc6 {[%clk
01:03:36]} {[%emt 00:00:06]} 13. Bxd8 {[%clk 01:17:27]} {[%emt 00:00:13]} Rxd8
{[%clk 01:03:21]} {[%emt 00:00:46]} 14. Re1 {[%clk 01:15:54]} {[%emt 00:02:02]}
Rd6 {[%clk 01:01:23]} {[%emt 00:02:28]} 15. Nbd2 {[%clk 01:15:19]} {[%emt
00:01:05]} dxc3 {[%clk 01:01:05]} {[%emt 00:00:48]} 16. Ne4 {[%clk 01:15:12]}
{[%emt 00:00:37]} Rd5 {[%clk 00:59:29]} {[%emt 00:02:07]} 17. Nxc3 {[%clk
01:15:19]} {[%emt 00:00:23]} Rf5 {[%clk 00:58:19]} {[%emt 00:01:40]} 18. Rxe6+
{[%clk 01:14:33]} {[%emt 00:01:16]} Kd7 {[%clk 00:58:33]} {[%emt 00:00:16]} 19.
Re2 {[%clk 01:14:20]} {[%emt 00:00:43]} Rhf8 {[%clk 00:57:29]} {[%emt
00:01:35]} 20. Rd1+ {[%clk 01:13:18]} {[%emt 00:01:31]} Kc8 {[%clk 00:57:08]}
{[%emt 00:00:51]} 21. Rd5 {[%clk 01:04:25]} {[%emt 00:09:23]} Rxd5 {[%clk
00:55:58]} {[%emt 00:01:40]} 22. Nxd5 {[%clk 01:04:37]} {[%emt 00:00:17]} Rd8
{[%clk 00:56:15]} {[%emt 00:00:13]} 23. Ne3 {[%clk 01:04:39]} {[%emt 00:00:28]}
Nd4 {[%clk 00:54:11]} {[%emt 00:02:34]} 24. Nxd4 {[%clk 01:04:25]} {[%emt
00:00:45]} Bxd4 {[%clk 00:53:52]} {[%emt 00:00:49]} 25. g3 {[%clk 01:03:43]}
{[%emt 00:01:12]} Re8 {[%clk 00:53:28]} {[%emt 00:00:53]} 26. Kg2 {[%clk
01:03:15]} {[%emt 00:00:58]} Kb7 {[%clk 00:52:29]} {[%emt 00:01:30]} 27. h4
{[%clk 01:03:11]} {[%emt 00:00:34]} Kb6 {[%clk 00:51:23]} {[%emt 00:01:36]} 28.
Nd5+ {[%clk 01:03:09]} {[%emt 00:00:31]} 1-0

[Event "DEM U10 2022"]
[Site "Willingen GER"]
[Date "2022.06.06"]
[Round "4"]
[White "Menke, Raphael Wilhelm"]
[Black "Andersen, Jonathan"]
[Result "0-1"]
[Termination "normal"]
[Board "25"]
[WhiteElo "1212"]
[BlackElo "986"]
[WhiteClock "00:29:52"]
[BlackClock "00:38:39"]
[PlyCount "120"]
[WhiteFideId "34621008"]
[BlackFideId "34623884"]
[EventCountry "GER"]
[EventRounds "11"]
[EventType "swiss"]
[EventDate "2022.06.04"]

1. e4 {[%clk 01:15:59]} e5 {[%clk 01:15:53]} {[%emt 00:00:07]} 2. Nf3 {[%clk
01:16:26]} {[%emt 00:00:03]} Nc6 {[%clk 01:16:18]} {[%emt 00:00:05]} 3. d4
{[%clk 01:16:53]} {[%emt 00:00:04]} exd4 {[%clk 01:16:44]} {[%emt 00:00:04]} 4.
Nxd4 {[%clk 01:17:17]} {[%emt 00:00:06]} Bc5 {[%clk 01:17:12]} {[%emt
00:00:02]} 5. Be3 {[%clk 01:17:38]} {[%emt 00:00:09]} Qf6 {[%clk 01:17:37]}
{[%emt 00:00:06]} 6. c3 {[%clk 01:18:01]} {[%emt 00:00:07]} Nge7 {[%clk
01:17:57]} {[%emt 00:00:10]} 7. Bc4 {[%clk 01:18:23]} {[%emt 00:00:08]} O-O
{[%clk 01:17:27]} {[%emt 00:01:00]} 8. O-O {[%clk 01:18:30]} {[%emt 00:00:22]}
Bb6 {[%clk 01:17:48]} {[%emt 00:00:08]} 9. Na3 {[%clk 01:18:45]} {[%emt
00:00:17]} a6 {[%clk 01:18:03]} {[%emt 00:00:15]} 10. Qd2 {[%clk 01:18:35]}
{[%emt 00:00:39]} h6 {[%clk 01:18:19]} {[%emt 00:00:14]} 11. Nac2 {[%clk
01:18:52]} {[%emt 00:00:14]} Ne5 {[%clk 01:17:08]} {[%emt 00:01:40]} 12. Be2
{[%clk 01:16:43]} {[%emt 00:02:39]} d6 {[%clk 01:17:05]} {[%emt 00:00:34]} 13.
f4 {[%clk 01:15:28]} {[%emt 00:01:45]} Ng4 {[%clk 01:16:58]} {[%emt 00:00:36]}
14. Bxg4 {[%clk 01:15:13]} {[%emt 00:00:46]} Bxg4 {[%clk 01:17:13]} {[%emt
00:00:14]} 15. Kh1 {[%clk 01:15:33]} {[%emt 00:00:09]} Bd7 {[%clk 01:17:00]}
{[%emt 00:00:41]} 16. Rae1 {[%clk 01:15:24]} {[%emt 00:00:42]} Rfe8 {[%clk
01:16:47]} {[%emt 00:00:43]} 17. Bg1 {[%clk 01:14:19]} {[%emt 00:01:35]} Rad8
{[%clk 01:16:42]} {[%emt 00:00:35]} 18. Rf3 {[%clk 01:12:41]} {[%emt 00:02:08]}
Ng6 {[%clk 01:16:50]} {[%emt 00:00:21]} 19. h3 {[%clk 01:00:06]} {[%emt
00:13:06]} Kh8 {[%clk 01:14:45]} {[%emt 00:02:34]} 20. Bh2 {[%clk 00:58:36]}
{[%emt 00:02:01]} c5 {[%clk 01:07:04]} {[%emt 00:08:11]} 21. Nb3 {[%clk
00:58:25]} {[%emt 00:00:42]} Bc6 {[%clk 01:06:59]} {[%emt 00:00:34]} 22. Qd3
{[%clk 00:56:24]} {[%emt 00:02:32]} d5 {[%clk 01:04:49]} {[%emt 00:02:40]} 23.
e5 {[%clk 00:55:36]} {[%emt 00:01:18]} Qe7 {[%clk 01:02:17]} {[%emt 00:03:01]}
24. Qf1 {[%clk 00:55:29]} {[%emt 00:00:36]} Nh4 {[%clk 00:59:24]} {[%emt
00:03:22]} 25. Rg3 {[%clk 00:52:38]} {[%emt 00:03:21]} Nf5 {[%clk 00:59:15]}
{[%emt 00:00:39]} 26. Rg4 {[%clk 00:52:20]} {[%emt 00:00:50]} g6 {[%clk
00:56:50]} {[%emt 00:02:52]} 27. e6 {[%clk 00:49:29]} {[%emt 00:03:23]} Kh7
{[%clk 00:55:50]} {[%emt 00:01:28]} 28. exf7 {[%clk 00:44:21]} {[%emt
00:05:40]} Qxf7 {[%clk 00:55:51]} {[%emt 00:00:29]} 29. Bg1 {[%clk 00:44:35]}
{[%emt 00:00:15]} Qf6 {[%clk 00:53:50]} {[%emt 00:02:31]} 30. Bf2 {[%clk
00:42:11]} {[%emt 00:02:55]} d4 {[%clk 00:49:13]} {[%emt 00:05:07]} 31. cxd4
{[%clk 00:37:27]} {[%emt 00:05:14]} cxd4 {[%clk 00:48:55]} {[%emt 00:00:47]}
32. Rd1 {[%clk 00:37:20]} {[%emt 00:00:38]} Be4 {[%clk 00:44:50]} {[%emt
00:04:34]} 33. Ne1 {[%clk 00:36:50]} {[%emt 00:01:01]} Bc6 {[%clk 00:41:28]}
{[%emt 00:03:51]} 34. Nc2 {[%clk 00:33:09]} {[%emt 00:04:12]} Ne3 {[%clk
00:39:48]} {[%emt 00:02:09]} 35. Bxe3 {[%clk 00:32:12]} {[%emt 00:01:27]} dxe3
{[%clk 00:39:58]} {[%emt 00:00:20]} 36. Re1 {[%clk 00:31:42]} {[%emt 00:01:00]}
Qxb2 {[%clk 00:39:09]} {[%emt 00:01:20]} 37. Nxe3 {[%clk 00:30:01]} {[%emt
00:02:12]} Bxe3 {[%clk 00:38:32]} {[%emt 00:01:06]} 38. Qc4 {[%clk 00:29:59]}
{[%emt 00:00:32]} Qf6 {[%clk 00:38:07]} {[%emt 00:00:53]} 39. Na5 {[%clk
00:28:47]} {[%emt 00:01:44]} Bd2 {[%clk 00:35:51]} {[%emt 00:02:46]} 40. Rxe8
{[%clk 00:27:47]} {[%emt 00:01:31]} Rxe8 {[%clk 00:35:21]} {[%emt 00:00:58]}
41. Nxc6 {[%clk 00:28:03]} {[%emt 00:00:15]} bxc6 {[%clk 00:35:37]} {[%emt
00:00:14]} 42. Kh2 {[%clk 00:27:12]} {[%emt 00:01:20]} h5 {[%clk 00:35:19]}
{[%emt 00:00:49]} 43. Rh4 {[%clk 00:26:46]} {[%emt 00:00:56]} Qxh4 {[%clk
00:34:47]} {[%emt 00:00:58]} 44. Qf7+ {[%clk 00:26:45]} {[%emt 00:00:35]} Kh6
{[%clk 00:35:01]} {[%emt 00:00:15]} 45. Qxe8 {[%clk 00:27:08]} {[%emt
00:00:09]} Qxf4+ {[%clk 00:35:13]} {[%emt 00:00:17]} 46. g3 {[%clk 00:26:33]}
{[%emt 00:01:05]} Qf2+ {[%clk 00:35:17]} {[%emt 00:00:26]} 47. Kh1 {[%clk
00:26:57]} {[%emt 00:00:05]} Qe1+ {[%clk 00:35:36]} {[%emt 00:00:11]} 48. Qxe1
{[%clk 00:27:13]} {[%emt 00:00:15]} Bxe1 {[%clk 00:36:01]} {[%emt 00:00:06]}
49. Kg2 {[%clk 00:27:39]} {[%emt 00:00:03]} c5 {[%clk 00:36:18]} {[%emt
00:00:13]} 50. Kf3 {[%clk 00:27:58]} {[%emt 00:00:11]} c4 {[%clk 00:36:40]}
{[%emt 00:00:08]} 51. g4 {[%clk 00:28:26]} {[%emt 00:00:02]} c3 {[%clk
00:37:01]} {[%emt 00:00:09]} 52. g5+ {[%clk 00:28:45]} {[%emt 00:00:11]} Kxg5
{[%clk 00:37:22]} {[%emt 00:00:10]} 53. h4+ {[%emt 00:01:01]} Kxh4 {[%emt
00:00:08]} 54. Ke4 {[%clk 00:28:00]} {[%emt 00:00:05]} c2 {[%clk 00:37:44]}
{[%emt 00:00:09]} 55. Kd5 {[%clk 00:28:23]} {[%emt 00:00:07]} c1=Q {[%clk
00:37:56]} {[%emt 00:00:08]} 56. Ke4 {[%clk 00:28:52]} Qc4+ {[%clk 00:38:19]}
{[%emt 00:00:17]} 57. Kf3 {[%clk 00:29:07]} {[%emt 00:00:15]} Qd3+ {[%clk
00:38:32]} {[%emt 00:00:15]} 58. Kg2 {[%clk 00:29:05]} {[%emt 00:00:34]} Qg3+
{[%clk 00:38:17]} {[%emt 00:00:44]} 59. Kh1 {[%clk 00:29:25]} {[%emt 00:00:12]}
Kh3 {[%clk 00:38:39]} {[%emt 00:00:08]} 60. a4 {[%clk 00:29:52]} {[%emt
00:00:03]} Qg2# {[%emt 00:00:08]} 0-1